Caracterización de la influencia empiropositivista que guía el pensamiento de los profesores de ciencias /

Wedi'i Gadw mewn:
Manylion Llyfryddiaeth
Prif Awdur: Erazo Parga, Manuel Antonio (autor)
Fformat: Llyfr
Iaith:Sbaeneg
Cyhoeddwyd: Bogotá, Colombia : Universidad Pedagógica Nacional, Facultad de Ciencia y Tecnología, 1999, c1999
Pynciau:
Tagiau: Ychwanegu Tag
Dim Tagiau, Byddwch y cyntaf i dagio'r cofnod hwn!

MARC

LEADER 00000nam^a2200000^a^4500
001 000165605
005 20250521000000.0
009 20260310101025.256
020 |a 958-9097-24-3 
037 |a Acervo ITESO - Biblioteca 
041 |a ESP 
082 |a 370. 1  |b ERA 
100 |a Erazo Parga, Manuel Antonio  |e (autor) 
245 1 0 |a Caracterización de la influencia empiropositivista que guía el pensamiento de los profesores de ciencias /  |c M.A. Erazo Parga. 
264 4 |a Bogotá, Colombia :  |b Universidad Pedagógica Nacional, Facultad de Ciencia y Tecnología,  |c 1999, c1999 
300 |a 167 p. 
336 |a texto  |b txt  |2 rdacontenido 
337 |a sin mediación  |b n  |2 rdamedio 
338 |a volumen  |b nc  |2 rdasoporte 
649 |a XX 
650 |a Profesores Colombianos 
650 |a Educadores Colombianos 
650 |a Docencia 
650 |a Didáctica 
650 |a Metodología Educativa 
650 |a Proceso Educativo 
650 |a Investigación 
650 |a Ciencia -  |z Colombia -  |x Estudio y Enseñanza 
650 |a Conductismo 
650 |a Psicología Educativa 
650 |a Empirismo 
650 |a Filosofía Moderna 
650 |a Positivismo 
650 |a Irracionalismo 
650 |a Filosofía del Siglo XIX 
650 |a Epistemología de la Educación 
650 |a Filosofía de la Educación 
650 |a Educación Media Básica -  |z Colombia 
910 |a Fondo General 
920 |a Impresos - Libros 
930 |a Colección General 
905 |a 101 
901 |a 0500101237  |b IT1  |c ACC  |u 20250521 
902 |a https://opac.biblio.iteso.mx/vufind/Record/000165605